000 00773nam a22002417a 4500
003 DO-SdBNP
005 20180402083325.0
008 171121b 1992 sp ||||| |||| 00| 0 spa d
020 _a843204542X
040 _aBPMSU
_bspa
_cBPMSU
092 _axxxx
_bxxxx
100 1 _aHerren, Ricardo,
_d1940-
245 1 0 _aLa conquista erĂ³tica de las Indias /
_cRicardo Herren.
250 _a2a reimp del 1992.
260 _aBarcelona :
_bPlaneta,
_c1991.
300 _a268 p. :
_bil., mapas ;
_c21 cm.
490 1 _aMemoria de la historia
_v53
500 _aIncluye datos del autor en la solapa de la cubierta
830 _aMemoria de la historia
_v53
942 _2ddc
_cBK
945 _aRemanejado para la BNPHU / 2018 VM
956 _aLOPEREZ
_b10
_c20171121
_h0041
_iBPMSU
999 _c12968
_d12968